00452nam a2200157 i 4500001000300000100001900003245004100022260002100063490001900084830001900103040000800122041000800130080001700138008004100155856009800196bg1 aBAJER, Lesław 0aWywiad gospodarczy /cLesław Bajer. aWarszawa,c1979.1 aWszystko o ... aWszystko o ... cBPK apol a327.84:66/69 s pl f |000 0 pol  uhttp://koha.tu.koszalin.pl/cgi-bin/koha/opac-detail.pl?biblionumber=21532yKatalog online BPK